[Event "Cto. Navarra por equipos - Division Hono"]
[Site "?"]
[Date "2017.11.25"]
[Round "7"]
[White "Argaya Urdaniz, Miguel"]
[Black "Vilchez Gonzalez, Angel"]
[Result "0-1"]
[WhiteElo "1923"]
[BlackElo "1917"]

1.e4 d6 2.d4 Nf6 3.Bd3 Nc6 4.c3 e5 5.d5 Ne7 6.Ne2 c6 7.dxc6 bxc6 8.O-O Ng6 9.Nd2
d5 10.exd5 cxd5 11.Bb5 Bd7 12.Qa4 Bc5 13.b4 Bb6 14.c4 dxc4 15.Nxc4 O-O 16.Bg5
Bxb5 17.Qxb5 Qd3 18.Bxf6 gxf6 19.Nc1 Bxf2 20.Rxf2 Qd1 21.Rf1 Qd4 22.Ne3 Qxe3
23.Kh1 Nf4 24.Qc6 Qb6 25.Qf3 Qxb4 26.g3 Nh3 27.Nd3 Qd4 28.Rad1 Ng5 29.Qg2 Qb6
30.h4 Ne6 31.Rxf6 Qd8 32.Rff1 Qc7 33.Rde1 f6 34.Rxf6 e4 35.Rxe6 exd3 36.Re7 Qc5
37.Qe4 Qf5 38.Qc4 Kh8 39.Qd4 Rf6 40.Rf7 Qh3 41.Kg1 Qxg3 42.Kh1 Qh3 43.Kg1 Rg8
0-1

[Event "Cto. Navarra por equipos - Division Hono"]
[Site "?"]
[Date "2017.11.25"]
[Round "7"]
[White "Pedchenko, Alex"]
[Black "Aldave Aguado, Adrian"]
[Result "1/2-1/2"]
[WhiteElo "1774"]
[BlackElo "1925"]

1.d4 Nf6 2.Nf3 e6 3.g3 d6 4.Bg2 g6 5.O-O Bg7 6.c4 O-O 7.Nc3 Nc6 8.e4 e5 9.dxe5
dxe5 10.Qxd8 Rxd8 11.Bg5 Re8 12.Bxf6 Bxf6 13.Nd5 Bd8 14.h3 Be6 15.Rfe1 Kg7 16.a3
f6 17.b4 Ne7 18.Bf1 c6 19.Ne3 Bc7 20.c5 Rad8 21.g4 Rd7 22.Bc4 Bxc4 23.Nxc4 Rd3
24.Re3 Red8 25.Rae1 b6 26.Rxd3 Rxd3 27.Re3 Rxe3 28.fxe3 1/2-1/2

[Event "Cto. Navarra por equipos - Division Hono"]
[Site "?"]
[Date "2017.11.25"]
[Round "7"]
[White "Lizuain Toni, Javier"]
[Black "Razkin Fraile, Miguel Angel"]
[Result "1-0"]
[WhiteElo "1834"]
[BlackElo "1703"]

1.e4 c6 2.d4 d5 3.Nc3 dxe4 4.Nxe4 Nd7 5.Nf3 Ngf6 6.Bd3 Nxe4 7.Bxe4 Nf6 8.Bd3 h6
9.c3 e6 10.O-O Bd6 11.Re1 Qc7 12.h3 Bf4 13.Bxf4 Qxf4 14.Re5 Nd7 15.Re4 Qc7
16.Qd2 Nf6 17.Re2 b6 18.Rae1 Bb7 19.Ne5 O-O-O 20.a4 Rhf8 21.a5 b5 22.a6 Bxa6
23.Ra1 Qb6 24.b4 Bb7 25.Bc2 a6 26.Bb3 Nd7 27.Nd3 Qc7 28.Qe3 Qd6 29.Nb2 Nf6
30.Nd3 Nd7 31.Rae1 Kb8 32.Qd2 Rde8 33.Ne5 Nxe5 34.Rxe5 Rd8 35.Qe3 Rd7 36.Qg3 g6
37.Qh4 h5 38.Qg3 Rdd8 39.R1e3 Bc8 40.Qf3 Bb7 41.Qf6 Rde8 42.Rf3 Qd7 43.Qg7 Bc8
44.Rf6 Ka8 45.Re3 Rg8 46.Qxf7 Qxf7 47.Rxf7 g5 48.Rc7 Bb7 49.Bxe6 Rg6 50.Bf5 Rxe3
51.fxe3 Rf6 52.e4 Kb8 53.Rh7 1-0

[Event "Cto. Navarra por equipos - Division Hono"]
[Site "?"]
[Date "2017.11.25"]
[Round "7"]
[White "Lacruz Ochoa"]
[Black "Adrian Abad"]
[Result "1-0"]
[WhiteElo "1687"]
[BlackElo "1407"]

1.e4 c6 2.d4 d5 3.Nc3 dxe4 4.Nxe4 Bf5 5.Ng3 Bg6 6.Nf3 h6 7.h4 Nd7 8.h5 Bh7 9.Bd3
Bxd3 10.Qxd3 Ngf6 11.Bf4 e6 12.a3 Nd5 13.Bd2 Qc7 14.Ne2 Bd6 15.c4 Nf4 16.Nxf4
Bxf4 17.Bxf4 Qxf4 18.Rh4 Qc7 19.O-O-O O-O-O 20.Qe3 Rhe8 21.Rg4 e5 22.dxe5 Nxe5
23.Rxd8 Kxd8 24.Nxe5 Qxe5 25.Qxe5 Rxe5 26.Rxg7 Ke8 27.Rg8 Ke7 28.g4 f6 29.Rg6
Re4 30.b3 Rf4 31.Rxh6 Rxg4 32.Rh7 Kd6 33.Rxb7 Rh4 34.Rxa7 Rxh5 35.a4 Kc5 36.Ra5
1-0

[Event "Cto. Navarra por equipos - Division Hono"]
[Site "?"]
[Date "2017.11.25"]
[Round "7"]
[White "Bejines Lopez, Carlos"]
[Black "Salvatierra Alzorriz, Haizea"]
[Result "1-0"]
[WhiteElo "1380"]
[BlackElo "1628"]

1.e4 c6 2.d4 d5 3.f3 e6 4.Nc3 Bb4 5.a3 Be7 6.Nge2 Nf6 7.e5 Nfd7 8.Ng3 c5 9.Be2
Nc6 10.dxc5 Bxc5 11.Na4 Bb6 12.f4 O-O 13.c3 d4 14.c4 Qc7 15.b4 a6 16.Bb2 Rd8
17.Ne4 d3 18.Bxd3 Bd4 19.Bxd4 Nxd4 20.Nd6 Nf5 21.Bxf5 exf5 22.Qd5 Nf6 23.Qc5
Qxc5 24.bxc5 Ng4 25.Nb6 Rb8 26.Nbxc8 1-0

[Event "Cto. Navarra por equipos - Division Hono"]
[Site "?"]
[Date "2017.11.25"]
[Round "7"]
[White "Garbisu de Goni, Unai"]
[Black "Burguete Archel, Eduardo"]
[Result "1-0"]
[WhiteElo "2408"]
[BlackElo "2201"]

1.e4 c5 2.Nf3 d6 3.d4 cxd4 4.Nxd4 Nf6 5.f3 e5 6.Nb3 d5 7.Bg5 Be6 8.Bxf6 gxf6
9.exd5 Bxd5 10.Nc3 Bb4 11.Qd3 Nc6 12.O-O-O Bxb3 13.axb3 Qxd3 14.Bxd3 Bxc3
15.bxc3 Rd8 16.Rhe1 Ke7 17.Re2 h6 18.Rf1 Rd6 19.f4 Rhd8 20.Ref2 exf4 21.Rxf4 Ne5
22.Be4 b5 23.Kb2 a6 24.Ra1 Rb6 25.Rh4 Rd2 26.Rxh6 Re2 27.Rh4 Nc4 28.bxc4 bxc4
29.Ka2 f5 30.Bxf5 Kf8 31.Rb1 Rf6 32.Rb8 1-0

[Event "Cto. Navarra por equipos - Division Hono"]
[Site "?"]
[Date "2017.11.25"]
[Round "7"]
[White "Argandona Salinas, Gorka"]
[Black "Ortega Lopez, Mikel"]
[Result "1/2-1/2"]
[WhiteElo "2090"]
[BlackElo "2232"]

1.c4 e5 2.g3 Nf6 3.Bg2 c6 4.Nc3 d5 5.cxd5 cxd5 6.d3 Be6 7.Nf3 Nc6 8.Qa4 Qd7
9.Ng5 Bf5 10.e4 Bg6 11.Nxd5 Nxd5 12.exd5 Nb4 13.Qxd7 Kxd7 14.O-O Nxd3 15.Be3 h6
1/2-1/2

[Event "Cto. Navarra por equipos - Division Hono"]
[Site "?"]
[Date "2017.11.25"]
[Round "7"]
[White "Urriza Iricibar, Pablo"]
[Black "Leranoz Zabalza, Adrian"]
[Result "1-0"]
[WhiteElo "2217"]
[BlackElo "2067"]

1.e4 c5 2.Nf3 Nc6 3.Nc3 g6 4.d4 cxd4 5.Nxd4 Bg7 6.Be3 Nf6 7.Bc4 Qa5 8.O-O O-O
9.Nb3 Qc7 10.Be2 Rd8 11.f4 d5 12.e5 d4 13.Nxd4 Ng4 14.Bxg4 Bxg4 15.Qxg4 1-0

[Event "Cto. Navarra por equipos - Division Hono"]
[Site "?"]
[Date "2017.11.25"]
[Round "7"]
[White "Ojer Lora, Iker"]
[Black "Navarrete Delgado, Sergio"]
[Result "1/2-1/2"]
[WhiteElo "2084"]
[BlackElo "2217"]

1.e4 d5 2.exd5 Nf6 3.Bb5 Nbd7 4.d4 a6 5.Be2 Nxd5 6.Nf3 e6 7.O-O Be7 8.c4 N5f6
9.Nc3 O-O 10.Qc2 c5 11.Be3 Qc7 12.dxc5 Bxc5 13.Bxc5 Qxc5 14.a3 b6 15.b4 Qc7
16.Rac1 Bb7 17.Nd2 Qf4 18.Qd3 Rfd8 19.Qe3 Qf5 20.Bf3 Ng4 21.Bxg4 Qxg4 22.f3 Qf5
23.Nde4 Bxe4 1/2-1/2

[Event "Cto. Navarra por equipos - Division Hono"]
[Site "?"]
[Date "2017.11.25"]
[Round "7"]
[White "Soriano Ascaso, Ignacio"]
[Black "Lazkoz Diez, Oskar"]
[Result "1-0"]
[WhiteElo "2162"]
[BlackElo "1884"]

1.e4 Nf6 2.e5 Nd5 3.Nc3 Nxc3 4.dxc3 g6 5.Bf4 Bg7 6.Qd2 Nc6 7.Nf3 d6 8.exd6 cxd6
9.Bh6 O-O 10.h4 Ne5 11.Bxg7 Kxg7 12.h5 Bf5 13.Nd4 Qc8 14.O-O-O gxh5 15.Rxh5 Bg6
16.Rh4 Kg8 17.Be2 Nc6 18.Nf3 Qe6 19.Kb1 Rac8 20.Rdh1 a5 21.Ng5 Qf5 22.Bd3 Qd5
23.Nxh7 Nb4 24.Nf6 1-0

[Event "Cto. Navarra por equipos - Division Hono"]
[Site "?"]
[Date "2017.11.25"]
[Round "7"]
[White "Larrea Reta, Javier"]
[Black "Mombiela Martinez, Gonzalo"]
[Result "1/2-1/2"]
[WhiteElo "1853"]
[BlackElo "2141"]

1.e4 d5 2.exd5 Nf6 3.d4 Bg4 4.Be2 Bxe2 5.Qxe2 Qxd5 6.Nf3 e6 7.Bf4 c6 8.O-O Be7
9.c4 Qd8 10.Nc3 O-O 11.Rfd1 Re8 12.Rac1 Nbd7 13.Rd3 Nh5 14.Be5 Nxe5 15.Qxe5 Nf6
16.Ne4 Nxe4 17.Qxe4 Bf6 1/2-1/2

[Event "Cto. Navarra por equipos - Division Hono"]
[Site "?"]
[Date "2017.11.25"]
[Round "7"]
[White "Monje Peinado, Roberto"]
[Black "Cloete, Herman Hubert"]
[Result "1-0"]
[WhiteElo "2051"]
[BlackElo "1656"]

1.d4 Nf6 2.c4 e6 3.g3 g6 4.Bg2 Bg7 5.Nc3 O-O 6.Nf3 d6 7.O-O Nbd7 8.Qc2 Qe8 9.b3
e5 10.Nb5 Qd8 11.dxe5 dxe5 12.Ba3 Re8 13.Rad1 a6 14.Nc3 c6 15.Bd6 Qb6 16.Na4 Qa7
17.c5 Nd5 18.e4 Nb4 19.Qd2 a5 20.a3 Na6 21.Qxa5 Nab8 22.Qxa7 Rxa7 23.Nd2 Na6
24.Nc4 Bf8 25.b4 Nxb4 26.axb4 Rxa4 27.Rb1 Nxc5 28.Bxf8 Kxf8 29.Nd6 Ne6 30.Nxe8
Kxe8 31.Bh3 Bd7 32.f4 exf4 33.gxf4 Ke7 34.f5 1-0

[Event "Cto. Navarra por equipos - Division Hono"]
[Site "?"]
[Date "2017.11.25"]
[Round "7"]
[White "Elia Aldave, Inigo"]
[Black "Cinza Lopez, Javier"]
[Result "0-1"]
[WhiteElo "1643"]
[BlackElo "2010"]

1.e4 d5 2.Nf3 dxe4 3.Ne5 Nf6 4.Nc3 Qd4 5.Nc4 c6 6.b3 b5 7.Na5 b4 8.Nxc6 Nxc6
9.Nb5 Qb6 10.d3 Qxb5 0-1

[Event "Cto. Equipos de Navarra DH 2018"]
[Site "?"]
[Date "2018.10.13"]
[Round "1.1"]
[White "Narciso Dublan, Marc"]
[Black "Burguete Archel, Eduardo"]
[Result "1-0"]
[EventDate "2018.??.??"]
[EventCountry "ESP"]
[EventType "team"]
[EventRounds "7"]
[WhiteElo "2478"]
[BlackElo "2200"]
[SourceDate "2018.11.02"]
[SourceTitle "FNA"]

1.d4 Nf6 2.c4 c5 3.d5 e6 4.Nc3 exd5 5.cxd5 d6 6.e4 g6 7.Nge2 Bg7 8.Ng3 a6 9.a4
Nbd7 10.Be2 h5 11.Bg5 Qa5 12.f3 Qb4 13.Qc1 c4 14.Bd2 Qc5 15.a5 b5 16.axb6 Nxb6
17.Na4 Qc7 18.Nxb6 Qxb6 19.Ba5 Qb7 20.Bc3 O-O 21.Nf1 Bd7 22.Ne3 Bb5 23.Nxc4 Qe7
24.b3 Rfe8 25.Ra2 Bf8 26.O-O Nd7 27.Qd1 Rac8 28.Qd4 f6 29.Na5 Qe5 30.Bxb5 axb5
31.Nc6 Rxc6 32.dxc6 Nc5 33.Qd5 Qxd5 34.exd5 f5 35.Re1 Rb8 36.Ra7 Nxb3 37.Re6 1-0

[Event "Cto. Equipos de Navarra DH 2018"]
[Site "?"]
[Date "2018.10.13"]
[Round "1.2"]
[White "Leranoz Zabalza, Adrian"]
[Black "Martinez Martin, Inigo"]
[Result "1/2-1/2"]
[EventDate "2018.??.??"]
[EventCountry "ESP"]
[EventType "team"]
[EventRounds "7"]
[WhiteElo "2072"]
[BlackElo "2150"]
[SourceDate "2018.11.02"]
[SourceTitle "FNA"]

1.e4 c6 2.d4 d5 3.f3 g6 4.Nc3 Bg7 5.Be3 dxe4 6.fxe4 Nf6 7.Nf3 Qb6 8.Qd2 Qxb2
9.Rb1 Qa3 10.Bc4 Ng4 11.Bf4 e5 12.dxe5 Qc5 13.Qd4 Qxd4 14.Nxd4 Bxe5 15.Bxe5 Nxe5
16.Bb3 Nbd7 17.O-O b6 18.Nxc6 Nxc6 19.Bxf7 Ke7 20.Bd5 Ba6 21.Bxc6 Bxf1 22.Bxa8
Bxg2 23.Kxg2 Rxa8 24.Nd5 Kf7 25.Rf1 Kg7 26.Rf3 Rc8 27.c3 Ne5 28.Re3 Rc4 29.Kg3
g5 30.Re2 h5 1/2-1/2

[Event "Cto. Equipos de Navarra DH 2018"]
[Site "?"]
[Date "2018.10.13"]
[Round "1.3"]
[White "Lopez Orois, Jose Manuel"]
[Black "Larrea Reta, Javier"]
[Result "1-0"]
[EventDate "2018.??.??"]
[EventCountry "ESP"]
[EventType "team"]
[EventRounds "7"]
[WhiteElo "2054"]
[BlackElo "1858"]
[SourceDate "2018.11.02"]
[SourceTitle "FNA"]

1.e4 c5 2.Nf3 d6 3.Bb5 Bd7 4.Bxd7 Nxd7 5.d4 cxd4 6.Nxd4 Ngf6 7.Nc3 a6 8.O-O e6
9.Be3 Be7 10.Kh1 O-O 11.f4 Qa5 12.a3 Rac8 13.Nb3 Qc7 14.Qf3 Nb6 15.Nd2 Rfe8
16.Rac1 Nc4 17.Nxc4 Qxc4 18.Rfd1 d5 19.Bd4 dxe4 20.Nxe4 Nxe4 21.Qxe4 Bf6 22.Qe3
Bxd4 23.Qxd4 Qxd4 24.Rxd4 Red8 25.Rcd1 Rxd4 26.Rxd4 Kf8 27.c3 Ke7 28.Kg1 Rc6
29.Kf2 Rd6 30.Rb4 b6 31.Ke3 Kd7 32.Rd4 Rxd4 33.Kxd4 Kd6 34.c4 f6 35.b4 Kc6 36.g4
Kd6 37.h4 h6 38.g5 hxg5 39.fxg5 Kc6 40.gxf6 1-0

[Event "Cto. Equipos de Navarra DH 2018"]
[Site "?"]
[Date "2018.10.13"]
[Round "1.4"]
[White "Gonzalez Etayo, Oihana"]
[Black "Zamarbide Inarrea, Borja"]
[Result "0-1"]
[EventDate "2018.??.??"]
[EventCountry "ESP"]
[EventType "team"]
[EventRounds "7"]
[WhiteElo "1761"]
[BlackElo "2035"]
[SourceDate "2018.11.02"]
[SourceTitle "FNA"]

1.d4 e6 2.Nf3 f5 3.g3 b6 4.Bg2 Bb7 5.O-O Nf6 6.Bg5 Be7 7.c4 Ne4 8.Bxe7 Qxe7
9.Nc3 Nxc3 10.bxc3 O-O 11.a4 a5 12.Re1 d6 13.Nd2 Bxg2 14.Kxg2 Nd7 15.e3 e5 16.f4
Rae8 17.Nf3 Kh8 18.Ra2 Qf7 19.d5 Nc5 20.Ng5 Qf6 21.Nf3 exf4 22.exf4 Qxc3 23.Rae2
Re4 24.Ng5 Qxc4 25.Nxe4 fxe4 26.Rd2 Qc3 0-1

[Event "Cto. Equipos de Navarra DH 2018"]
[Site "?"]
[Date "2018.10.13"]
[Round "1.5"]
[White "Aldave Aguado, Adrian"]
[Black "Gastesi Urroz, Mikel"]
[Result "1-0"]
[EventDate "2018.??.??"]
[EventCountry "ESP"]
[EventType "team"]
[EventRounds "7"]
[WhiteElo "1929"]
[BlackElo "1701"]
[SourceDate "2018.11.02"]
[SourceTitle "FNA"]

1.d4 d6 2.c4 Nf6 3.Nc3 Nbd7 4.e4 e5 5.d5 Be7 6.Nge2 c6 7.Ng3 Nf8 8.Nf5 Bxf5
9.exf5 Qb6 10.Be2 g6 11.Qc2 a6 12.O-O gxf5 13.Qxf5 Rg8 14.Bg5 N8d7 15.Be3 c5
16.Rab1 Qc7 17.a3 b6 18.Kh1 Qc8 19.b4 Nf8 20.Qxc8 Rxc8 21.bxc5 bxc5 22.Rb6 Ng4
23.Ne4 Kd7 24.h3 f5 25.Nxc5 dxc5 26.hxg4 f4 27.Bd2 Rg6 28.Rfb1 Kd8 29.Bd3 Rxg4
30.Bf5 Rh4 31.Kg1 Nd7 32.Rb7 Rc7 33.Ba5 1-0

[Event "Cto. Equipos de Navarra DH 2018"]
[Site "?"]
[Date "2018.10.13"]
[Round "1.6"]
[White "Elia Aldave, Inigo"]
[Black "Argaya Urdaniz, Miguel"]
[Result "0-1"]
[EventDate "2018.??.??"]
[EventCountry "ESP"]
[EventType "team"]
[EventRounds "7"]
[WhiteElo "1678"]
[BlackElo "1928"]
[SourceDate "2018.11.02"]
[SourceTitle "FNA"]

1.e4 d5 2.Nf3 dxe4 3.Ng5 Qd5 4.d3 exd3 5.Bxd3 Bf5 6.O-O Bxd3 7.Nc3 Qd7 8.Qf3 Bf5
9.Rd1 Qc8 10.Bf4 Bg4 11.Qd5 e6 12.Re1 Nf6 13.Qc4 Be7 14.Nb5 O-O 15.Be5 Nbd7
16.h3 Bh5 17.g4 Bg6 18.Bg3 Nd5 19.Rad1 Bxg5 0-1

[Event "Cto. Equipos de Navarra DH 2018"]
[Site "?"]
[Date "2018.10.13"]
[Round "1.7"]
[White "Sanchez Salazar, Kiko"]
[Black "Cloethe, Herman Hubert"]
[Result "1-0"]
[EventDate "2018.??.??"]
[EventCountry "ESP"]
[EventType "team"]
[EventRounds "7"]
[WhiteElo "1878"]
[BlackElo "1645"]
[SourceDate "2018.11.02"]
[SourceTitle "FNA"]

1.e4 c6 2.d3 d5 3.Nd2 Nd7 4.exd5 cxd5 5.g3 Ngf6 6.Bg2 g6 7.Ngf3 Bg7 8.O-O O-O
9.Re1 Re8 10.Nf1 e5 11.h4 Qc7 12.c3 h6 13.N1h2 e4 14.dxe4 dxe4 15.Nd4 Nc5 16.Bf4
Qb6 17.Qd2 Kh7 18.Rad1 Nd3 19.Re2 Re7 20.Bxe4 Nxf2 21.Bxg6 fxg6 22.Rxe7 Nxd1
23.Bxh6 Nh5 24.Bxg7 Nxg7 25.Qxd1 Qxb2 26.Qc2 Qb6 27.Nhf3 Qd6 28.Ng5 Kg8 29.Qb3
Be6 30.Rxg7 Kxg7 31.Ndxe6 Kg8 32.Nf4 1-0

[Event "Cto. Equipos de Navarra DH 2018"]
[Site "?"]
[Date "2018.10.13"]
[Round "1.1"]
[White "Zamarbide Inarrea, Daniel"]
[Black "Garbisu de Goni, Unai"]
[Result "1-0"]
[EventDate "2018.??.??"]
[EventCountry "ESP"]
[EventType "team"]
[EventRounds "7"]
[WhiteElo "2212"]
[BlackElo "2425"]
[SourceDate "2018.11.02"]
[SourceTitle "FNA"]

1.d4 f5 2.c4 Nf6 3.Nc3 e6 4.Qc2 d5 5.Bf4 c6 6.Nf3 Be7 7.e3 O-O 8.Bd3 Ne4 9.g4
Qa5 10.O-O Na6 11.a3 Nxc3 12.b4 Qd8 13.Qxc3 Nc7 14.c5 g5 15.Be5 Ne8 16.Qc2 Rf7
17.Kh1 fxg4 18.Nd2 Bf6 19.f4 Qe7 20.Bxf6 Qxf6 21.fxg5 Qxg5 22.Nf3 Qg7 23.Ne5 Rf5
24.Nxg4 Rg5 25.Rg1 Kf8 26.Qf2 Ke7 27.Qh4 1-0

[Event "Cto. Equipos de Navarra DH 2018"]
[Site "?"]
[Date "2018.10.13"]
[Round "1.2"]
[White "Urriza Iricibar, Pablo"]
[Black "Vila Dupla, Aurelio"]
[Result "0-1"]
[EventDate "2018.??.??"]
[EventCountry "ESP"]
[EventType "team"]
[EventRounds "7"]
[WhiteElo "2268"]
[BlackElo "2173"]
[SourceDate "2018.11.02"]
[SourceTitle "FNA"]

1.e4 c5 2.Nc3 d6 3.g3 Nc6 4.Bg2 g6 5.d3 Bg7 6.Be3 Rb8 7.Qd2 b5 8.Nge2 b4 9.Nd1
Bg4 10.f3 Bd7 11.O-O Qb6 12.Kh1 h5 13.h3 e6 14.c3 bxc3 15.bxc3 Nge7 16.Rc1 d5
17.Rc2 d4 18.Bg1 e5 19.f4 Bh6 20.Qe1 Qa6 21.Nc1 h4 22.fxe5 hxg3 23.Qxg3 Bg7
24.cxd4 cxd4 25.Nb3 Bxe5 26.Qf3 Be6 27.Nc5 Qc8 28.Rcf2 Bxh3 29.Qxf7 Kd8 30.Qf8
Kc7 31.Bh2 Bxg2 32.Rxg2 Rxf8 33.Rxf8 Rb1 34.Rxc8 Kxc8 35.Rg1 Ra1 36.a4 Bxh2
37.Kxh2 Ne5 38.Rf1 N7c6 39.Kg2 Kc7 40.Nf2 Ra2 41.Kg3 Rc2 42.Ne6 Kd6 43.Nf4 Ra2
44.Ng4 Rxa4 45.Nxg6 Nxd3 46.Rf6 Kc5 47.e5 Ra1 48.e6 Re1 49.Nh6 Re3 50.Kg2 Re2
51.Kf1 Re1 52.Kg2 Ndb4 53.Kf2 Re4 54.Kf3 Re3 55.Kf2 Nd5 56.Rf5 Rxe6 57.Nf4 Rxh6
58.Rxd5 Kc4 59.Rd7 Rh2 60.Kg3 Rc2 61.Rc7 Kb5 62.Rb7 Kc5 63.Kf3 Rc3 64.Ke2 a5
65.Kd2 Kc4 66.Ne2 Rd3 67.Ke1 Rb3 68.Rc7 Rb1 69.Kd2 Rb2 70.Kd1 Rb6 71.Rc8 a4
72.Ra8 Kb5 73.Nc1 Nb4 74.Rd8 Kc4 75.Rc8 Nc6 76.Ra8 Kb5 77.Kd2 Na5 78.Kd3 Nb3
79.Ne2 Kb4 80.Rd8 a3 81.Nxd4 Nxd4 82.Rxd4 Kb3 83.Rh4 a2 84.Rh1 Ra6 0-1

[Event "Cto. Equipos de Navarra DH 2018"]
[Site "?"]
[Date "2018.10.13"]
[Round "1.3"]
[White "Munoz Arana, Miguel"]
[Black "Ortega Lopez, Mikel"]
[Result "1/2-1/2"]
[EventDate "2018.??.??"]
[EventCountry "ESP"]
[EventType "team"]
[EventRounds "7"]
[WhiteElo "2041"]
[BlackElo "2260"]
[SourceDate "2018.11.02"]
[SourceTitle "FNA"]

1.e4 c5 2.Nf3 Nc6 3.d4 cxd4 4.Nxd4 Nf6 5.Nc3 d6 6.f3 Nxd4 7.Qxd4 g6 8.Be3 Bg7
9.Qd2 O-O 10.O-O-O Be6 11.Kb1 Qc7 12.g4 Rfc8 13.h4 Qa5 14.Nd5 Qxd2 15.Nxf6 Bxf6
16.Rxd2 Rc7 17.Bd4 Bxd4 18.Rxd4 Rac8 19.c3 Rc5 20.Be2 f6 21.Bd1 Kf7 22.Bb3 Bxb3
23.axb3 h5 24.Kc2 Ke6 25.Kd3 Rb5 26.b4 a5 27.Rd5 Rxd5 28.exd5 Kxd5 29.bxa5 Rc4
30.b3 Rf4 31.Ke3 e5 32.Rg1 Kc6 33.b4 Rc4 34.Kd3 Rf4 35.Ke3 Rc4 36.Kd3 1/2-1/2

[Event "Cto. Equipos de Navarra DH 2018"]
[Site "?"]
[Date "2018.10.13"]
[Round "1.4"]
[White "Navarrete Delgado, Sergio"]
[Black "Labiano Hernandez, Juan"]
[Result "1-0"]
[EventDate "2018.??.??"]
[EventCountry "ESP"]
[EventType "team"]
[EventRounds "7"]
[WhiteElo "2207"]
[BlackElo "2041"]
[SourceDate "2018.11.02"]
[SourceTitle "FNA"]

1.e4 e5 2.Nf3 Nf6 3.Nc3 Nc6 4.Bc4 Nxe4 5.Nxe4 d5 6.Bd3 dxe4 7.Bxe4 Bd6 8.d4 Nxd4
9.Nxd4 exd4 10.Qxd4 O-O 11.Be3 Qe7 12.O-O-O Be5 13.Qd3 f5 14.Bd5 Kh8 15.f4 Bf6
16.Rhe1 Qd6 17.Qc4 Re8 18.Bf7 Be6 19.Rxd6 Bxc4 20.Rxf6 gxf6 21.Bxc4 Re7 22.Bd3
Rae8 23.Kd2 Rd7 24.Bd4 Rf8 25.c3 Kg7 26.Bxf5 Rd6 27.Kc2 Rf7 28.g4 Kh6 29.Re3 Kg7
30.g5 Rxd4 31.cxd4 fxg5 32.Re5 gxf4 33.Kd3 Kf6 34.Ke4 Rg7 35.Re6 Kg5 36.h4 Kxh4
37.Kxf4 h5 38.Re3 Rg4 39.Bxg4 hxg4 40.Rg3 1-0

[Event "Cto. Equipos de Navarra DH 2018"]
[Site "?"]
[Date "2018.10.13"]
[Round "1.5"]
[White "Jedrocha, Katarzyna"]
[Black "Soriano Ascaso, Ignacio"]
[Result "0-1"]
[EventDate "2018.??.??"]
[EventCountry "ESP"]
[EventType "team"]
[EventRounds "7"]
[WhiteElo "1922"]
[BlackElo "2161"]
[SourceDate "2018.11.02"]
[SourceTitle "FNA"]

1.e4 c6 2.d4 d5 3.Nc3 g6 4.Be2 Bg7 5.Be3 dxe4 6.Nxe4 Nh6 7.c3 Nf5 8.Bf4 Nh4
9.Bg3 Qd5 10.Bxh4 Qxe4 11.Bg3 h5 12.h4 Be6 13.Nf3 Bc4 14.Ng5 Qxe2 15.Qxe2 Bxe2
16.Kxe2 Nd7 17.Rhe1 Bh6 18.Nf3 O-O 19.Kf1 e6 20.Rad1 a5 21.Ne5 Nxe5 22.Bxe5 Bg7
23.g3 Rfd8 24.Kg2 Rd7 25.Bxg7 Kxg7 26.Re5 Rd5 27.Rde1 a4 28.Kf3 Kf6 29.Kf4 b5
30.R1e2 Rad8 31.f3 Ke7 32.g4 hxg4 33.fxg4 Rh8 34.Kg3 Kd6 35.b3 axb3 36.axb3 Ke7
37.R2e4 Rd6 38.Rc5 Kf6 39.Re2 b4 40.Rf2 Kg7 41.cxb4 Rxd4 42.Rf3 f5 43.gxf5 gxf5
44.Rxc6 Kf6 45.b5 Rdxh4 46.b6 Rh3 47.Kf2 Rxf3 48.Kxf3 Rh3 49.Kf4 Rxb3 50.Rd6 Rb4
51.Kf3 Ke5 52.Rc6 Rb3 53.Ke2 Kd5 0-1

[Event "Cto. Equipos de Navarra DH 2018"]
[Site "?"]
[Date "2018.10.13"]
[Round "1.6"]
[White "Sevilla Subiza, Javier"]
[Black "Aguinaga Ruiz, Jesus Luis"]
[Result "1-0"]
[EventDate "2018.??.??"]
[EventCountry "ESP"]
[EventType "team"]
[EventRounds "7"]
[WhiteElo "2118"]
[BlackElo "1900"]
[SourceDate "2018.11.02"]
[SourceTitle "FNA"]

1.d4 d6 2.Nc3 Nf6 3.Bg5 Nbd7 4.Qd2 c6 5.e4 b5 6.a3 a6 7.Bd3 e5 8.Nf3 Be7 9.O-O
O-O 10.Ne2 Qc7 11.h3 Nb6 12.Rad1 c5 13.c3 Be6 14.Ng3 Bb3 15.Rc1 Nc4 16.Qe2 Rfe8
17.Nf5 Bd8 18.d5 h6 19.Be3 Nxe3 20.Qxe3 Nh7 21.h4 Qd7 22.Nd2 c4 23.Be2 Rb8
24.Qg3 g6 25.Nxh6 Kh8 26.f4 exf4 27.Qxf4 Rf8 28.Nxf7 Kg7 29.Qh6 1-0

[Event "Cto. Equipos de Navarra DH 2018"]
[Site "?"]
[Date "2018.10.13"]
[Round "1.7"]
[White "Habans Aguerrea, Javier"]
[Black "Cinza Lopez, Javier"]
[Result "1-0"]
[EventDate "2018.??.??"]
[EventCountry "ESP"]
[EventType "team"]
[EventRounds "7"]
[WhiteElo "1892"]
[BlackElo "2083"]
[SourceDate "2018.11.02"]
[SourceTitle "FNA"]

1.e4 d5 2.exd5 Qxd5 3.Nc3 Qe5 4.Be2 c6 5.Nf3 Qc7 6.d4 Bf5 7.O-O e6 8.Bd3 Bg4
9.Ne4 Nd7 10.h3 Bh5 11.Ng3 Bg6 12.Re1 Ngf6 13.Ne5 Nxe5 14.dxe5 Nd7 15.Qe2 Bxd3
16.cxd3 Bb4 17.Bd2 Bxd2 18.Qxd2 O-O-O 19.Qe3 Kb8 20.a4 Nb6 21.d4 Rd5 22.a5 Rxa5
23.Rxa5 Nc4 24.Rxa7 Nxe3 25.Rea1 Qb6 26.Ra8 Kc7 27.Rxh8 Qxb2 28.Raa8 Nd1 29.Nh1
Qb1 30.Kh2 Qf5 31.Rhe8 Kb6 32.Re7 Qf4 33.Ng3 Nxf2 34.Rb8 Qxd4 35.Rbxb7 Kc5
36.Rxf7 Kc4 37.Rbd7 Qe3 38.Rf3 Qe1 39.Rd6 Qxe5 40.Rxc6 Kb5 41.Rc2 Nd1 42.Rd3 Qa1
43.Rb3 Ka4 44.Rb8 e5 45.Ra8 Kb3 46.Rxa1 Kxc2 47.Ra5 1-0

[Event "Cto. Equipos de Navarra DH 2018"]
[Site "?"]
[Date "2018.10.13"]
[Round "1.8"]
[White "Mombiela Martinez, Gonzalo"]
[Black "Garjon Modrego, Miguel"]
[Result "1-0"]
[EventDate "2018.??.??"]
[EventCountry "ESP"]
[EventType "team"]
[EventRounds "7"]
[WhiteElo "2111"]
[BlackElo "1887"]
[SourceDate "2018.11.02"]
[SourceTitle "FNA"]

1.d4 d5 2.Bf4 Nf6 3.e3 g6 4.Nf3 Bg7 5.Be2 O-O 6.h3 Nbd7 7.O-O Ne4 8.c4 c6 9.cxd5
cxd5 10.Nbd2 Ndf6 11.Rc1 Bd7 12.Bc7 Qe8 13.Qb3 Bc6 14.Be5 Rc8 15.Qa3 Nd7 16.Bh2
Ndf6 17.Nb3 a6 18.Na5 Bb5 19.Rxc8 Qxc8 20.Bxb5 axb5 21.Qb4 b6 22.Nb3 Qc2 23.Nbd2
Nxd2 24.Nxd2 Qd3 25.Nf3 e6 26.Bd6 Rc8 27.Ne5 Qe2 28.Re1 Qc2 29.f3 Ne8 30.Be7 Qc7
31.Nd3 Qg3 32.Re2 Qc7 33.b3 Qd7 34.Bh4 f6 35.Bg3 Bf8 36.Qd2 Bd6 37.Bxd6 Qxd6
38.Qb4 Rc1 39.Kf2 Qxb4 40.Nxb4 Nd6 41.e4 dxe4 42.fxe4 Kf7 43.Ke3 h5 44.Kd2 Rc7
45.Kd3 f5 46.exf5 Nxf5 47.Re5 Rc1 48.d5 exd5 49.Rxd5 Rd1 50.Ke2 Rg1 51.Kf2 Rb1
52.Rd2 h4 53.Nd5 Ng3 54.Rc2 Rf1 55.Ke3 Nf5 56.Ke4 Re1 57.Kf4 Nd4 58.Rd2 Ne6
59.Kf3 Ng5 60.Kg4 Ne4 61.Rc2 g5 62.Nxb6 Kg6 63.Rc6 Nf6 64.Kf3 Kf5 65.Rc5 Kg6
66.Rxb5 Rf1 67.Ke2 Ra1 68.Ra5 Ne4 69.Nd5 Rg1 70.Ne3 Nc3 71.Kd3 Nd1 72.Ra6 Kf7
73.Nxd1 Rxd1 74.Ke2 Rb1 75.Kf3 Rb2 76.g3 Rh2 77.gxh4 Rxh3 78.Kg4 Rxh4 79.Kxg5
Rb4 80.Kf5 Ke7 81.Ke5 Kd7 82.Kd5 Kc7 83.Kc5 Rh4 84.Ra7 Kb8 85.Rd7 Kc8 86.Rd4 Rh6
87.a4 Kb7 88.b4 Rh5 89.Rd5 Rh6 90.b5 Kc7 91.a5 Rg6 92.b6 Kb7 93.Kb5 1-0